[Event "MK Cafe Cup-B"]
[Site "Koszalin"]
[Date "1997.??.??"]
[Round "4"]
[White "Juzek, Adrian"]
[Black "Babula, Pavel"]
[Result "1/2-1/2"]
[WhiteElo "2180"]
[BlackElo "2060"]

1.e4 c5 2.Nf3 e6 3.d4 cxd4 4.Nxd4 a6 5.Bd3 Nc6 6.Be3 Qc7 7.O-O Nf6 8.f4 Qb6
9.c3 Bc5 10.Nd2 Nxd4 11.Nc4 Qa7 12.b4 b5 13.Nd6+ Bxd6 14.Bxd4 Qc7 15.e5 Be7
16.exf6 Bxf6 17.Qg4 Bb7 18.a4 bxa4 19.Rxa4 Ke7 20.Qe2 a5 21.b5 Bxd4+ 22.cxd4 h5
23.f5 Qd6 24.Qe3 f6 25.Bc4 Bd5 26.Bxd5 Qxd5 27.Qg3 Rhg8 28.fxe6 dxe6 29.Rc1 Rac8
30.Rc7+ Rxc7 31.Qxc7+ Qd7 32.Qc5+ Kf7 33.Rxa5 Rc8 34.Ra7 Rxc5 35.Rxd7+ Ke8
36.dxc5 Kxd7 37.Kf2 e5 38.Ke3 f5 39.h4 Kc7 40.Kd3 Kb7 41.Kc4 e4 42.g3 Kc7
43.Kd4 Kb7 44.c6+ Kb6 45.Kc4 Kc7 46.Kd4  1/2-1/2

[Event "RUS-ch sf"]
[Site "Krasnodar"]
[Date "1997.??.??"]
[Round "?"]
[White "Petrushin, Alexander I"]
[Black "Volzhin, Alexander"]
[Result "1/2-1/2"]
[WhiteElo "2415"]
[BlackElo "2505"]

1.e4 c5 2.Nf3 e6 3.d4 cxd4 4.Nxd4 a6 5.Bd3 Nf6 6.O-O d6 7.Nd2 Be7 8.f4 O-O
9.Kh1 Nbd7 10.Qe2 Nc5 11.b3 e5 12.fxe5 dxe5 13.N4f3 Nxd3 14.cxd3 Bg4 15.Bb2 Nd7
16.Nc4 Bf6 17.h3 Bxf3 18.Rxf3 b5 19.Ne3 Bg5 20.Ng4 Qe7 21.Raf1 Rac8 22.Rg3 Rc6
23.Rgf3  1/2-1/2

[Event "RUS-ch sf"]
[Site "Krasnodar"]
[Date "1997.??.??"]
[Round "?"]
[White "Popov, Roman"]
[Black "Bragin, A."]
[Result "1-0"]
[WhiteElo "2365"]
[BlackElo "2395"]

1.e4 c5 2.Nf3 e6 3.d4 cxd4 4.Nxd4 a6 5.Bd3 Nf6 6.O-O d6 7.c4 Be7 8.Nc3 O-O
9.b3 b6 10.Bb2 Bb7 11.Qe2 Nbd7 12.Rad1 Re8 13.Bb1 Bf8 14.Rd2 Qc7 15.Qd1 Rad8
16.Nde2 Nc5 17.Ng3 Bc6 18.a4 Be7 19.Re1 Qb8 20.Rde2 b5 21.axb5 axb5 22.Nd5 Bxd5
23.cxd5 e5 24.Nf5 g6 25.Nxe7+ Rxe7 26.f4 Qb6 27.Kh1 Nfd7 28.Rf1 Qa5 29.Bc1 Rde8
30.f5 f6 31.Ra2 Qb6 32.fxg6 hxg6 33.Qg4 Kg7 34.Be3 b4 35.Bd3 Qb7 36.Bc4 Ra8
37.Raf2 Rb8 38.Rf3 Qc8 39.Rg3 Qe8 40.Bb5 Nxb3 41.Qf5 Kh7 42.Bxd7 Rxd7 43.Qxf6  1-0

[Event "US-op"]
[Site "Las Vegas"]
[Date "1997.??.??"]
[Round "6"]
[White "Morovic Fernandez, Ivan"]
[Black "Perdomo, Carlos Andres"]
[Result "1-0"]
[WhiteElo "2580"]
[BlackElo "2380"]

1.e4 c5 2.Nf3 e6 3.d4 cxd4 4.Nxd4 a6 5.Bd3 Qc7 6.O-O Nf6 7.Qe2 d6 8.c4 Nbd7
9.Nc3 Ne5 10.Kh1 Be7 11.f4 Nxd3 12.Qxd3 O-O 13.b3 b6 14.Bb2 Re8 15.Rae1 Bf8
16.e5 Nd7 17.exd6 Qxd6 18.Ne4 Qc7 19.Ng5 Nf6 20.Ndf3 Qd8 21.Qc2 g6 22.Rd1 Qe7
23.Ne5 Bg7 24.Nexf7 Rf8 25.Nd6 Bd7 26.Ba3 Nh5 27.Nb5 Qf6 28.Bxf8 Rxf8 29.Nd6 Bc6
30.Qe2 Bd7 31.Nde4 Qe7 32.Qd2 Bc8 33.Qd6 Qb7 34.Rde1 Re8 35.Qd1 Qc6 36.Nd6 Rd8
37.Nxc8 Qxc8 38.Qg4 Rd6 39.Nxe6 Bc3 40.Re2 Qb7  1-0

[Event "Anibal op 4th"]
[Site "Linares"]
[Date "1997.??.??"]
[Round "1"]
[White "Villavicencio, Adalberto"]
[Black "Miezis, Normunds"]
[Result "0-1"]
[WhiteElo "2275"]
[BlackElo "2555"]

1.e4 c5 2.Nf3 e6 3.d4 cxd4 4.Nxd4 a6 5.Bd3 Nc6 6.Nxc6 dxc6 7.O-O e5 8.Nd2 Nf6
9.a4 Bc5 10.Nc4 Qe7 11.a5 Bg4 12.Qe1 Rd8 13.Bd2 O-O 14.Kh1 Rfe8 15.f3 Bc8
16.Bg5 h6 17.Bh4 g5 18.Bg3 Qc7 19.Bf2 Bxf2 20.Qxf2 Rd4 21.Ne3 Be6 22.b3 Red8
23.Qe1 Nh5 24.Bc4 Bc8 25.Qb4 Nf4 26.Qc5 Kg7 27.Qa7 Qd6 28.h3 h5 29.Rf2 Qb4
30.Qb8 Qc3 31.Qxe5+ Kg6 32.Raf1 Qxe3 33.h4 f6 34.Qe7 R4d7 35.Qb4  0-1

[Event "Linares Mex"]
[Site "Linares"]
[Date "1997.??.??"]
[Round "2"]
[White "Ferrera, Benjamin"]
[Black "Juarez Flores, Gustavo E"]
[Result "1-0"]
[WhiteElo "2225"]
[BlackElo "2275"]

1.e4 c5 2.Nf3 e6 3.d4 cxd4 4.Nxd4 a6 5.Bd3 d6 6.Nc3 Nf6 7.O-O Be7 8.a4 b6
9.f4 Bb7 10.Be3 Nbd7 11.Nb3 Qc7 12.Qe2 O-O 13.g4 d5 14.e5 Ne4 15.Bd4 Ndc5
16.Qe3 Nxc3 17.bxc3 Nxb3 18.cxb3 Bc5 19.f5 f6 20.exf6 e5 21.Bxc5 bxc5 22.fxg7 Qxg7
23.g5 e4 24.f6 Qg6 25.Be2 d4 26.cxd4 cxd4 27.Bc4+ Kh8 28.Qg3 e3 29.h4 Qe4
30.Kh2 Qc2+ 31.Kg1 Qe4 32.Kh2 Qc2+ 33.Kg1 Qe4 34.Kh2 d3 35.h5 e2 36.Rf4 Qe5
37.g6 hxg6 38.hxg6 Rfe8 39.g7+  1-0

[Event "Anibal op 4th"]
[Site "Linares"]
[Date "1997.??.??"]
[Round "6"]
[White "Perdomo, Carlos Andres"]
[Black "Narciso Dublan, Marc"]
[Result "1-0"]
[WhiteElo "2330"]
[BlackElo "2455"]

1.e4 c5 2.Nf3 e6 3.d4 cxd4 4.Nxd4 a6 5.Bd3 Ne7 6.c4 Nec6 7.Nxc6 Nxc6 8.O-O Bc5
9.Bd2 d6 10.a3 O-O 11.b4 Bd4 12.Ra2 Bd7 13.Kh1 a5 14.b5 Ne7 15.f4 Rc8 16.Bc3 Bb6
17.Rd2 f6 18.Be2 Bc5 19.Rf3 Qb6 20.Rfd3 f5 21.Rxd6 Bxd6 22.Rxd6 Qe3 23.Rxd7 Rce8
24.Bd2 Qb6 25.Bh5 g6 26.Bf3 Qc5 27.exf5 Nxf5 28.Qe2 b6 29.Bc3 Rf7 30.Bc6 Ree7
31.Rd3 Rf8 32.Nd2 Qxa3 33.Ne4 Qc1+ 34.Rd1 Qxf4 35.Nf6+ Kf7 36.Ng4 g5 37.Rf1 Qc7
38.Ne5+ Kg8 39.Qh5 Ng3+ 40.hxg3 Rxf1+ 41.Kh2 Rf5 42.Ng4 Rc5 43.Nf6+ Kf8 44.Qh6+ Rg7
45.Nd7+  1-0

[Event "Linz op"]
[Site "Linz"]
[Date "1997.??.??"]
[Round "7"]
[White "Mahdi, Khaled"]
[Black "Stanec, Nikolaus"]
[Result "1/2-1/2"]
[WhiteElo "2395"]
[BlackElo "2460"]

1.e4 c5 2.Nf3 e6 3.d4 cxd4 4.Nxd4 a6 5.Bd3 g6 6.O-O Bg7 7.Nf3 Nc6 8.c4 Nge7
9.Nc3 O-O 10.Bf4 d5 11.exd5 exd5 12.c5 b6 13.cxb6 Qxb6 14.Na4 Qa7 15.h3 a5
16.Re1 Ba6 17.Bd6 Bxd3 18.Qxd3 Rfd8 19.Bc5 Qb7 20.Nd4 Nxd4 21.Bxd4 Bxd4 22.Qxd4 Nf5
23.Qd3 Re8 24.b3 Qb4 25.Red1 Rad8 26.Qd2 Qxd2 27.Rxd2 h5 28.g3 h4 29.g4 Ng7
30.Nc5 d4 31.Rc1 Rd5 32.Rc4 Red8 33.Kg2 f5 34.g5 d3 35.a3 R8d6 36.b4 axb4
37.axb4 Ne6 38.Nxe6 Rxe6 39.Kf3 Red6 40.Rxh4 Rd4 41.Rf4 Kf7 42.Rxd4 Rxd4
43.b5 Ke6 44.Ke3 Rb4 45.Rxd3 Rxb5 46.Ra3 Rb4 47.Kf3 Kf7 48.Kg3 Rc4 49.f3 Rb4
50.Ra7+ Kg8 51.h4 Rc4 52.Ra6 Kg7 53.Rf6 Ra4 54.Rb6 Rc4 55.Rb7+ Kg8 56.h5 gxh5
57.f4 h4+ 58.Kxh4 Rxf4+ 59.Kh5 Ra4  1/2-1/2

[Event "Ljubljana"]
[Site "Ljubljana"]
[Date "1997.??.??"]
[Round "4"]
[White "Peptan, Corina"]
[Black "Soln, Primoz"]
[Result "1-0"]
[WhiteElo "2425"]
[BlackElo "2320"]

1.e4 c5 2.Nf3 e6 3.d4 cxd4 4.Nxd4 a6 5.Bd3 g6 6.O-O Bg7 7.Be3 Nc6 8.Nxc6 bxc6
9.Nc3 d6 10.Na4 Rb8 11.Qd2 Ne7 12.Rad1 O-O 13.Be2 d5 14.Ba7 Rb7 15.Bc5 Rb8
16.c4 Re8 17.b3 Qc7 18.Qe3 f5 19.exd5 exd5 20.cxd5 cxd5 21.Bf3 Be5 22.h3 Bb7
23.Rfe1 Nc6 24.Bxd5+ Kg7 25.Kh1 Rbc8 26.Nb6 f4 27.Qf3 Rcd8 28.Be4 Nd4 29.Bxd4 Bxd4
30.Nc4 Bxf2 31.Rxd8 Qxd8 32.Qxf2 Bxe4 33.Kh2 g5 34.Qa7+ Re7 35.Qxa6 Qd3 36.Kg1 Qd4+
37.Kh2 Qf2 38.Rxe4 Rf7 39.Qa5 Qg3+ 40.Kg1 f3 41.Qe5+  1-0

[Event "Madras"]
[Site "Madras"]
[Date "1997.??.??"]
[Round "7"]
[White "Balasubramaniun, Ramnathan"]
[Black "Parameswaran, Tiruchi N"]
[Result "1/2-1/2"]
[WhiteElo "2245"]
[BlackElo "2400"]

1.e4 c5 2.Nf3 e6 3.d4 cxd4 4.Nxd4 a6 5.Bd3 d6 6.O-O Nd7 7.Nc3 Ngf6 8.Be3 h5
9.f3 Qc7 10.a4 b6 11.Qe2 Bb7 12.Rad1 Ne5 13.Qf2 Nfd7 14.Kh1 Be7 15.Be2 g5
16.Nb3 Rg8 17.Bd4 h4 18.Nd2 Bf6 19.b3 Ke7 20.h3 Rad8 21.Qe3 Rg7 22.Na2 Rc8
23.Nb4 Ra8 24.Bc4 Rg6 25.Be2 Rg7 26.Ba1 Qc5 27.Qxc5 dxc5 28.Nd3 Rgg8 29.Nf2 Rgd8
30.Nc4 Nxc4 31.Bxf6+ Nxf6 32.Bxc4 Nh5 33.Kg1 Nf4 34.Rfe1 Rxd1 35.Rxd1 Rd8
36.Rxd8 Kxd8 37.Kf1 Ke7 38.Ng4 f6 39.Ne3 Ng6 40.Kf2 Ne5 41.Be2 Kd7 42.Bf1 Nc6
43.Be2 Nd4 44.Bd3 e5 45.g3 hxg3+ 46.Kxg3 Ke7 47.Nc4 b5 48.axb5 axb5 49.Na5 Ba8
50.c3 Nc6 51.Nxc6+ Bxc6 52.b4 c4 53.Bf1 f5 54.Bg2 Kf6 55.h4 f4+ 56.Kg4 Bd7+
57.Kh5 Be8+ 58.Kg4  1/2-1/2

[Event "Minsk op"]
[Site "Minsk"]
[Date "1997.??.??"]
[Round "1"]
[White "Ivannikov, Oleg"]
[Black "Poluljahov, Aleksandr"]
[Result "0-1"]
[WhiteElo "2090"]
[BlackElo "2510"]

1.e4 c5 2.Nf3 e6 3.d4 cxd4 4.Nxd4 a6 5.Bd3 Nf6 6.c3 d6 7.Nd2 Be7 8.O-O O-O
9.Nc4 b5 10.Ne3 Bb7 11.f3 Nbd7 12.Nec2 Qc7 13.Kh1 d5 14.Bg5 dxe4 15.Bxe4 Bxe4
16.fxe4 Bd6 17.Qe2 Bxh2 18.Rad1 Be5 19.Nf3 Nh5 20.Bh4 Ng3+ 21.Bxg3 Bxg3 22.Ng5 Ne5
23.Qh5 h6 24.Nf3 Rad8 25.Rxd8 Rxd8 26.Ncd4 Nd3 27.Nd2 Nxb2 28.Rf3 Be1  0-1

[Event "Mondariz op"]
[Site "Mondariz"]
[Date "1997.??.??"]
[Round "?"]
[White "Bello Filgueira, Joaquin"]
[Black "Psakhis, Lev"]
[Result "0-1"]
[WhiteElo "2005"]
[BlackElo "2565"]

1.e4 c5 2.Nf3 e6 3.d4 cxd4 4.Nxd4 a6 5.Bd3 Nf6 6.Nc3 d6 7.Qe2 b5 8.Be3 Bb7
9.a3 Nbd7 10.Nb3 Rc8 11.O-O Be7 12.f4 O-O 13.Rad1 e5 14.f5 Rxc3 15.bxc3 Nxe4
16.Bxe4 Bxe4 17.Bg5 d5 18.Bxe7 Qxe7 19.Ra1 Qg5 20.a4 Rc8 21.Nd2 Bxf5 22.axb5 axb5
23.Nf3 Qe7 24.Qxb5 Nf6 25.Qb4 Qc7 26.Qa5 Qe7 27.Qb4 Qe6 28.Ng5 Qd7 29.Nf3 Re8
30.Ra2 h6 31.Rfa1 Be4 32.Nd2 Qg4 33.Nxe4 Nxe4 34.Ra8 Rxa8 35.Rxa8+ Kh7 36.Ra1 Qe2
37.c4 Qe3+  0-1

[Event "Petrosjan mem-J"]
[Site "Moscow"]
[Date "1997.??.??"]
[Round "?"]
[White "Pirozhkov, Alexandr"]
[Black "Iljin, Denis"]
[Result "1-0"]
[WhiteElo "2245"]
[BlackElo "2270"]

1.e4 c5 2.Nf3 e6 3.d4 cxd4 4.Nxd4 a6 5.Bd3 Qc7 6.O-O Nf6 7.Kh1 Nc6 8.Nxc6 dxc6
9.f4 e5 10.fxe5 Ng4 11.Bc4 f6 12.Bf4 Nxe5 13.Qh5+ Kd8 14.Nc3 Bd6 15.Bxe5 Bxe5
16.Rad1+ Bd7 17.Qf7 Re8 18.Rd3 Re7 19.Qf8+ Re8 20.Qxg7 f5 21.Qg5+ Kc8 22.Rfd1 Rd8
23.Rxd7  1-0

[Event "Petrosjan mem-J"]
[Site "Moscow"]
[Date "1997.??.??"]
[Round "?"]
[White "Lukianenko, Evgenij"]
[Black "Iljin, Denis"]
[Result "1-0"]
[WhiteElo "2275"]
[BlackElo "2270"]

1.e4 c5 2.Nf3 e6 3.d4 cxd4 4.Nxd4 a6 5.Bd3 Qc7 6.Be3 Nf6 7.Nc3 Nc6 8.O-O Bd6
9.h3 Bf4 10.Bxf4 Qxf4 11.Nde2 Qc7 12.Kh1 O-O 13.f4 d6 14.Ng3 b5 15.Nh5 Qe7
16.a3 Bb7 17.Nxf6+ Qxf6 18.Qh5 g6 19.Qe2 Rad8 20.Rae1 Qh4 21.Kh2 Qf6 22.e5 Qe7
23.Ne4 dxe5 24.fxe5 Kg7 25.Nf6 Qc5 26.Rf4 Rh8 27.b4 Qc3 28.Ng4 Rhf8 29.Qe3 h5
30.Rc4 Qxe5+ 31.Nxe5 bxc4 32.Bxc4  1-0

[Event "Kasparov Cup"]
[Site "Moscow"]
[Date "1997.??.??"]
[Round "?"]
[White "Lukianenko, Evgenij"]
[Black "Gratka, Krzysztof"]
[Result "1-0"]
[WhiteElo "2275"]
[BlackElo "2275"]

1.e4 c5 2.Nf3 e6 3.d4 cxd4 4.Nxd4 a6 5.Bd3 Nf6 6.O-O d6 7.f4 Nbd7 8.Kh1 Be7
9.Qe2 Nc5 10.Nd2 O-O 11.N2f3 e5 12.Nb3 Nxd3 13.Qxd3 Qc7 14.Be3 b5 15.Nbd2 Be6
16.b3 Rac8 17.Rac1 Rfd8 18.f5 Bd7 19.c4 Bc6 20.Bg5 Nh5 21.cxb5 axb5 22.Rxc6 Qxc6
23.Bxe7 Rd7 24.Bg5 Ra7 25.g4 Nf4 26.Bxf4 exf4 27.Nd4 Qc5 28.Nxb5 Rxa2 29.Nxd6 Rd8
30.N2c4 Rf2 31.Ra1 Rf8 32.e5 Qc6+ 33.Qe4 Qc7 34.Kg1 Qc5 35.Ra5  1-0

[Event "Murcia op"]
[Site "Murcia"]
[Date "1997.??.??"]
[Round "8"]
[White "Bernabe Duran, Francisco"]
[Black "Perez Fungueiro, Manuel Antonio"]
[Result "1-0"]
[WhiteElo "2210"]
[BlackElo "2280"]

1.e4 c5 2.Nf3 e6 3.d4 cxd4 4.Nxd4 a6 5.Bd3 Bc5 6.Nb3 Ba7 7.Qe2 Ne7 8.Be3 d6
9.f4 e5 10.f5 Nd7 11.O-O Bxe3+ 12.Qxe3 Qb6 13.Qxb6 Nxb6 14.N1d2 d5 15.Nc5 Nd7
16.Nxd7 Bxd7 17.f6 gxf6 18.Rxf6 Be6 19.Re1 O-O-O 20.Rf2 Nc6 21.exd5 Bxd5
22.Nc4 e4 23.Nb6+ Kb8 24.Bxe4 Bxe4 25.Rxe4 Rd1+ 26.Rf1 Rd2 27.h3 Rxc2 28.Rf2 Rxf2
29.Kxf2 Rd8 30.Ke3 Kc7 31.Nc4 Rd1 32.Rf4 Nd8 33.Rf2 Re1+ 34.Kf4 b5 35.Nd2 Ra1
36.a3 Rd1 37.Kg5 Kd7 38.Kh6 Ke7 39.Kxh7 Ne6 40.Kg8 f6 41.Ne4 Rd8+ 42.Kh7 Rf8
43.Re2 Kf7 44.h4 Rg8 45.Nd6+ Kf8 46.Rxe6 Rxg2 47.Nf5 Rxb2 48.Rxf6+ Ke8 49.h5 Rb3
50.Rxa6 Rf3 51.Kg6 Rf4 52.h6 Rg4+ 53.Kf6 b4 54.h7 bxa3  1-0

[Event "JUG-chT (Women)"]
[Site "Niksic"]
[Date "1997.??.??"]
[Round "2"]
[White "Nikolin, Zorica"]
[Black "Markov, Vesna"]
[Result "1/2-1/2"]
[WhiteElo "2270"]
[BlackElo "2180"]

1.e4 c5 2.Nf3 e6 3.d4 cxd4 4.Nxd4 a6 5.Bd3 Ne7 6.O-O Nec6 7.Nf3 d6 8.Be3 Be7
9.Nbd2 Nd7 10.a4 b6 11.c3 Bb7 12.Bc2 Qc7 13.Ne1 Nce5 14.f4 Nc4 15.Nxc4 Qxc4
16.f5 e5 17.Nf3 O-O 18.Nd2 Qc7 19.c4 Rfc8 20.Rc1 Bc6 21.Nb1 b5 22.cxb5 axb5
23.axb5 Bxb5 24.Bb3 Nc5 25.Re1 Qa5 26.Bxc5 dxc5 27.Bd5 Ra7 28.Nc3 Bg5 29.Ra1 Qxa1
30.Qxa1 Rxa1 31.Rxa1 Be3+ 32.Kh1 Be8 33.Ra8 Rxa8 34.Bxa8 Bd4 35.g4 Kf8 36.Kg2 Ke7
37.Kf3 f6 38.Nd5+ Kd6 39.b3 Bb5 40.Ne3 Kc7  1/2-1/2

[Event "Nova Gorica op"]
[Site "Nova Gorica"]
[Date "1997.??.??"]
[Round "5"]
[White "Drei, Andrea"]
[Black "Bednarich, Jan"]
[Result "1/2-1/2"]
[WhiteElo "2305"]
[BlackElo "2170"]

1.e4 c5 2.Nf3 e6 3.d4 cxd4 4.Nxd4 a6 5.Bd3 Qc7 6.c4 g6 7.Nc3 Bg7 8.Be3 d6
9.O-O Nf6 10.Rc1 Nbd7 11.f4 O-O 12.Qe2 Re8 13.h3 b6 14.b4 Bb7 15.Nb3 Rad8
16.Qf2 Qb8 17.Bb1 Rc8 18.Nd2 b5 19.c5 dxc5 20.bxc5 Bf8 21.e5 Nd5 22.Nxd5 Bxd5
23.Ne4 Rc6 24.Ng5 Rec8 25.f5 exf5 26.Bxf5 gxf5 27.Qxf5 Rg6 28.Qxd7 Qxe5 29.Bf4 Qd4+
30.Kh2 Rxc5 31.Rcd1 Qc4 32.Be3 Bc6 33.Qd2 Rd5 34.Qc1 Qxa2 35.Rf2 Qb3 36.Rdf1 Qd3
37.Nxf7 Rd8 38.Nh6+ Bxh6 39.Bxh6 Qd6+ 40.Kg1 Rxh6 41.Rf8+ Kg7 42.Qc3+ Qd4+
43.Qxd4+ Rxd4 44.R1f7+ Kg6 45.Rf6+  1/2-1/2

[Event "After GP Mladi"]
[Site "Olomouc"]
[Date "1997.??.??"]
[Round "2"]
[White "Kalod, Radek"]
[Black "Votava, Jan"]
[Result "1/2-1/2"]
[WhiteElo "2430"]
[BlackElo "2515"]

1.e4 c5 2.Nf3 e6 3.d4 cxd4 4.Nxd4 a6 5.Bd3 Nf6 6.O-O d6 7.c4 Bd7 8.Nc3 Nc6
9.Nc2 Be7 10.Be3 O-O 11.f3 Ne5 12.Be2 Qc7 13.Qd4 Rac8 14.Na3 Rfd8 15.Rac1 Qb8
16.Rfd1 Bc6 17.Kh1 Ng6 18.Qa7 Qxa7 19.Bxa7 Nf4 20.Bf1 g5 21.Bb6 Rf8 22.Be3 h6
23.Nc2 Rfd8 24.Nd4 Be8 25.Nb3 Nd7 26.Na5 Rc7 27.b4 b6 28.Nb3 Rb8 29.Na4  1/2-1/2

[Event "Ozery op2 Seniors"]
[Site "Ozery"]
[Date "1997.??.??"]
[Round "3"]
[White "Gusev, Yuri S"]
[Black "Khasin, Abram"]
[Result "1/2-1/2"]
[WhiteElo "2305"]
[BlackElo "2420"]

1.e4 c5 2.Nf3 e6 3.d4 cxd4 4.Nxd4 a6 5.Bd3 Bc5 6.Nb3 Ba7 7.Qe2 Nc6 8.Be3 d6
9.Nc3 Nf6 10.O-O-O O-O 11.Bxa7 Rxa7 12.f4 Qc7 13.g4 Re8 14.g5 Nd7 15.h4 Nf8
16.h5 Bd7 17.h6 g6 18.Qf2 Raa8 19.Rhg1 Rac8 20.Kb1 Nb8 21.Qd4 e5 22.Qf2 Bc6
23.f5 b5 24.Nd5 Bxd5 25.exd5 Nfd7 26.Bf1 Rf8 27.Bh3 Nb6  1/2-1/2

[Event "Polanica Zdroj op"]
[Site "Polanica Zdroj"]
[Date "1997.??.??"]
[Round "6"]
[White "Balcerak, Jakob"]
[Black "Gritsak, Orest"]
[Result "0-1"]
[WhiteElo "2250"]
[BlackElo "2470"]

1.e4 c5 2.Nf3 e6 3.d4 cxd4 4.Nxd4 a6 5.Bd3 Qb6 6.Nb3 Qc7 7.O-O Nf6 8.f4 d6
9.Nc3 Nbd7 10.a4 b6 11.g4 h6 12.Qe2 Bb7 13.Bd2 Be7 14.Rae1 Nc5 15.Nxc5 Qxc5+
16.Be3 Qb4 17.h3 Qxb2 18.Bd2 Qa3 19.Kh2 Qc5 20.Qf3 Nd7 21.Qg3 g5 22.Nd5 exd5
23.exd5 Kd8 24.fxg5 Bxg5 25.Bxg5+ hxg5 26.Rxf7 Qxd5 27.Bc4  0-1

[Event "GER-CupT 9697 sf"]
[Site "Porz"]
[Date "1997.??.??"]
[Round "?.1"]
[White "Lutz, Christopher"]
[Black "Zeller, Frank"]
[Result "1-0"]
[WhiteElo "2555"]
[BlackElo "2425"]

1.e4 c5 2.Nf3 e6 3.d4 cxd4 4.Nxd4 a6 5.Bd3 d6 6.O-O Nd7 7.c4 b6 8.Nc3 Bb7
9.f4 Ngf6 10.Qe2 g6 11.f5 gxf5 12.exf5 e5 13.Ne6 Qc8 14.Bg5 Rg8 15.Nd5 Nxd5
16.cxd5 Bxd5 17.Rac1 Nc5 18.b4 Qb7 19.bxc5 fxe6 20.c6 Bxc6 21.Rxc6 Rxg5 22.Qc2 exf5
23.Rc7 Qd5 24.Bxf5 Rd8 25.Bxh7 e4 26.Bxe4 Qd4+ 27.Kh1  1-0

[Event "CRO-Cup (Women)"]
[Site "Pula"]
[Date "1997.??.??"]
[Round "?"]
[White "Krivec, Jana"]
[Black "Medvegy, Nora"]
[Result "0-1"]
[WhiteElo "2120"]
[BlackElo "2265"]

1.e4 c5 2.Nf3 e6 3.d4 cxd4 4.Nxd4 a6 5.Bd3 Qc7 6.O-O Nf6 7.Kh1 Bc5 8.Nb3 Ba7
9.Qe2 Nc6 10.f4 d6 11.c3 h5 12.Be3 Bxe3 13.Qxe3 e5 14.f5 Bd7 15.N1d2 Rc8
16.a4 Ne7 17.a5 Bc6 18.Nf3 Kf8 19.Nbd2 Ng4 20.Qe2 d5 21.Ng5 dxe4 22.Ndxe4 Nd5
23.Nh3 Re8 24.Qd2 Rh6 25.c4 Nde3 26.Rf3 Nxc4 27.Qb4+ Nd6 28.Rc1 Kg8 29.Nhg5 Rd8
30.h3 Nxe4 31.Nxe4 Nf6 32.Nxf6+ Rxf6 33.Qc3 Qd7 34.Re3 Rd6 35.Be2 Qxf5 36.Rf1 Rd1
37.Rxd1 Rxd1+ 38.Kh2 Qf2 39.Bf3 h4  0-1

[Event "EU-chT (Women)"]
[Site "Pula"]
[Date "1997.??.??"]
[Round "1"]
[White "Lakos, Nikoletta"]
[Black "Koskoska, Gabriela"]
[Result "1-0"]
[WhiteElo "2380"]
[BlackElo "2220"]

1.e4 c5 2.Nf3 e6 3.d4 cxd4 4.Nxd4 a6 5.Bd3 Nf6 6.O-O Qc7 7.Qe2 d6 8.c4 Be7
9.b3 O-O 10.Bb2 g6 11.f4 e5 12.Nc2 exf4 13.Rxf4 Nbd7 14.g3 Ne5 15.Ne3 Be6
16.Nc3 Nh5 17.Rf2 Bg5 18.Ncd5 Qd8 19.Rd1 Nf6 20.Bxe5 dxe5 21.h4 Nxd5 22.exd5 Bxe3
23.Qxe3 Bg4 24.Rdf1 Bh3 25.Re1 Qd7 26.Qg5 Rae8 27.Rxe5 Qd6 28.Rxe8 Rxe8 29.Kh2 Bc8
30.Qf4 Qd7 31.Bf1 h5 32.Bg2 Re1 33.Qf3 Qe7 34.d6 Qe6 35.c5 Rc1 36.Re2 Qg4
37.Re8+ Kg7 38.Qe3 Rc2 39.Qe5+ f6 40.Re7+  1-0

[Event "EU-chT (Men)"]
[Site "Pula"]
[Date "1997.??.??"]
[Round "2"]
[White "Nijboer, Friso"]
[Black "Miezis, Normunds"]
[Result "1-0"]
[WhiteElo "2555"]
[BlackElo "2555"]

1.e4 c5 2.Nf3 e6 3.d4 cxd4 4.Nxd4 a6 5.Bd3 Nc6 6.Nxc6 dxc6 7.Nd2 e5 8.Qh5 Bd6
9.Nc4 Nf6 10.Nxd6+ Qxd6 11.Qe2 Be6 12.O-O Nd7 13.Rd1 Qe7 14.b3 O-O 15.a4 Rfd8
16.a5 Rac8 17.Ba3 Qg5 18.Qd2 Qxd2 19.Rxd2 c5 20.Be2 Re8 21.Bc4 Nf8 22.Bd5 Bxd5
23.Rxd5 c4 24.Bxf8 Kxf8 25.b4 c3 26.f3 Red8 27.Rad1 Rxd5 28.Rxd5 Rc4 29.Rxe5 Rxb4
30.Rc5 Ra4 31.Rxc3 Rxa5 32.Rc8+ Ke7 33.Rc7+ Ke6 34.Rxb7 Rc5 35.Rb2 a5 36.Kf2 a4
37.Ke3 a3 38.Ra2 Ke5 39.Kd3 Ra5 40.Kc4 Ra7 41.Kb3 Rb7+ 42.Kxa3 Kd4 43.Rb2 Rc7
44.Kb3 g5 45.Rb1 Rb7+ 46.Ka2 Rc7 47.Kb2 Ke3 48.Rd1 Rb7+ 49.Kc1 Ra7 50.Rd3+ Kf2
51.Rd2+ Ke3 52.c4 Rc7 53.Rc2 Rc5 54.Rc3+ Kf2 55.g4 Kg2 56.Kc2 Kxh2 57.Kd3 Kg3
58.Kd4 Rc8 59.c5 Rd8+ 60.Ke5 h6 61.c6 Rc8 62.c7  1-0

[Event "EU-chT (Women)"]
[Site "Pula"]
[Date "1997.??.??"]
[Round "4"]
[White "Djeno, Mara"]
[Black "Ciuksyte, Dagne"]
[Result "1-0"]
[WhiteElo "2190"]
[BlackElo "2285"]

1.e4 c5 2.Nf3 e6 3.d4 cxd4 4.Nxd4 a6 5.Bd3 Bc5 6.Nb3 Ba7 7.O-O d6 8.Nc3 Nf6
9.Kh1 b5 10.a3 O-O 11.Bg5 Nbd7 12.f4 Qc7 13.Qe1 Bb7 14.Qg3 Kh8 15.Rae1 e5
16.Qh4 Rfe8 17.fxe5 Rxe5 18.Nd5 Nxd5 19.exd5 Nf8 20.Rxe5 dxe5 21.Be4 Qd7
22.Na5 Rc8 23.Nxb7 Qxb7 24.d6  1-0

[Event "EU-chT (Women)"]
[Site "Pula"]
[Date "1997.??.??"]
[Round "4"]
[White "Lakos, Nikoletta"]
[Black "Ioseliani, Nana"]
[Result "0-1"]
[WhiteElo "2380"]
[BlackElo "2510"]

1.e4 c5 2.Nf3 e6 3.d4 cxd4 4.Nxd4 a6 5.Bd3 Nf6 6.O-O Qc7 7.Qe2 d6 8.c4 Be7
9.Nc3 Nbd7 10.Kh1 b6 11.f4 O-O 12.Nf3 Bb7 13.f5 Rfe8 14.fxe6 fxe6 15.Bf4 Rac8
16.e5 Bxf3 17.Rxf3 dxe5 18.Bg3 Nh5 19.Raf1 Bf6 20.Qc2 Nf8 21.Ne4 Qe7 22.Qf2 Nd7
23.b3 Rf8 24.Qc2 Nxg3+ 25.Nxg3 g6 26.Ne4 Bg7 27.Rxf8+ Rxf8 28.Rxf8+ Qxf8
29.Qf2 Qa3 30.h4 Qc1+ 31.Qf1 Qf4 32.g3 Qe3 33.Qe2 Qd4 34.Bb1 Bh6 35.Qg4 Nc5
36.Qe2 Qa1 37.Qc2 Qd4 38.Nxc5 bxc5 39.Qd3 Qf2 40.Qd8+ Bf8 41.Qd3 e4 42.Qxe4 Qxg3
43.Qxe6+ Kg7 44.Qd7+ Kf6 45.Qd8+ Be7 46.Qh8+ Ke6 47.Qg8+ Kd7 48.Bf5+ Kc7
49.Qc8+ Kb6 50.Bd7 Bd6 51.Qc6+ Ka7 52.Qg2 Qe1+ 53.Qg1 Qxh4+ 54.Kg2 Qe4+ 55.Kf1 Qb1+
56.Kg2 Qxa2+ 57.Qf2 Qxb3 58.Be6 Qb7+ 59.Bd5 Qc7  0-1

[Event "Pula op"]
[Site "Pula"]
[Date "1997.??.??"]
[Round "7"]
[White "Subasic, Ilijas"]
[Black "Sulava, Nenad"]
[Result "0-1"]
[WhiteElo "2315"]
[BlackElo "2380"]

1.e4 c5 2.Nf3 e6 3.d4 cxd4 4.Nxd4 a6 5.Bd3 Nf6 6.O-O Qc7 7.Qe2 d6 8.c4 Nbd7
9.b3 g6 10.Bb2 Bg7 11.Nc3 O-O 12.Rad1 b6 13.Bb1 Bb7 14.f3 Rad8 15.Kh1 Qb8
16.Nc2 Rfe8 17.Ne3 Bc6 18.Nc2 Ba8 19.Ne3 Bc6 20.Nc2 Bf8 21.Qf2 Bb7 22.Ne3 b5
23.Rfe1 b4 24.Ne2 Bg7 25.Ng3 h5 26.Ngf1 a5 27.Re2 Nc5 28.h4 e5 29.Nd5 Nxd5
30.exd5 Qc7 31.Bc1 a4 32.Bc2 Ra8 33.Bd2 axb3 34.axb3 Ra2 35.Bxb4 Nxb3 36.Bd3 Ra4
37.Qe1 Nd4 38.Rf2 Rea8 39.Rb1 Bc8 40.Nd2 f5 41.Rf1 Ra2 42.Qd1 Bd7 43.Re1 Ba4
44.Qc1 Bh6 45.Rb2 Nb3 46.Qb1 Ra1 47.Qxa1 Nxa1 48.Rxa1 e4 49.Rba2 exd3 50.Rxa4 Rxa4
51.Rxa4 Qb7  0-1

[Event "EU-chT (Women)"]
[Site "Pula"]
[Date "1997.??.??"]
[Round "7"]
[White "Puljek Salai, Zorica"]
[Black "Titova Boric, Elena"]
[Result "0-1"]
[WhiteElo "2200"]
[BlackElo "2205"]

1.e4 c5 2.Nf3 e6 3.d4 cxd4 4.Nxd4 a6 5.Bd3 Qc7 6.O-O Nc6 7.Nxc6 dxc6 8.a4 Nf6
9.Be3 e5 10.a5 Bb4 11.Bb6 Qe7 12.c3 Bc5 13.Bxc5 Qxc5 14.Nd2 Be6 15.Qc2 Rd8
16.Be2 O-O 17.b4 Qe7 18.Rfd1 h6 19.Nf3 Bg4 20.Ne1 Bxe2 21.Qxe2 c5 22.Nd3 cxb4
23.cxb4 Rd4 24.f3 Rfd8 25.Rab1 Nh5 26.g3 Qg5 27.Kf2 R8d6 28.Rd2 Qd8 29.Rbd1 b6
30.axb6 Qxb6 31.Kf1 Qb5 32.Ke1 Nf6 33.Nc5 Qxb4 34.Nxa6 Qc3 35.Nb8 Rd3 36.f4 Re3
37.fxe5 Rxd2 38.Rxd2 Rxe4  0-1

[Event "EU-chT (Men)"]
[Site "Pula"]
[Date "1997.??.??"]
[Round "9"]
[White "Damaso, Rui"]
[Black "Efimov, Igor"]
[Result "0-1"]
[WhiteElo "2465"]
[BlackElo "2530"]

1.e4 c5 2.Nf3 e6 3.d4 cxd4 4.Nxd4 a6 5.Bd3 Ne7 6.c4 Nbc6 7.Nb3 g6 8.Bf4 Bg7
9.c5 Bxb2 10.N1d2 Be5 11.Be3 d5 12.cxd6 Bxd6 13.Qe2 O-O 14.Rd1 Qc7 15.h4 h5
16.g4 hxg4 17.Qxg4 Ne5 18.Qe2 Qc3 19.Bb1 Bd7 20.Bd4 Qb4 21.f4 Bb5 22.Qg2 Nc4
23.Qg5 f6 24.Qg4 e5 25.h5 g5 26.a3 Qxa3 27.fxg5 f5 28.exf5 Nxd2 29.Rxd2 exd4
30.f6 Bc4 31.Qe4 Bg3+ 32.Kd1 Bxb3+ 33.Rc2 d3  0-1

[Event "Registro op"]
[Site "Registro"]
[Date "1997.??.??"]
[Round "4"]
[White "Tsuboi, Edson Kenji"]
[Black "Cajal, Andre"]
[Result "1-0"]
[WhiteElo "2310"]
[BlackElo "2195"]

1.e4 c5 2.Nf3 e6 3.d4 cxd4 4.Nxd4 a6 5.Bd3 Qc7 6.Qe2 g6 7.O-O Bg7 8.c3 Ne7
9.f4 Nbc6 10.Be3 O-O 11.Nd2 d6 12.N2f3 e5 13.Nxc6 bxc6 14.fxe5 dxe5 15.Bc4 h6
16.Nh4 g5 17.Nf5 Bxf5 18.exf5 Bf6 19.Qh5 Kg7 20.h4 Nd5 21.hxg5 hxg5 22.Bxd5 cxd5
23.Bxg5 Rh8 24.Qg4 Rag8 25.Rad1 Bxg5 26.Qxg5+ Kf8 27.Qe3 e4 28.Rf4 Rh3 29.Qxh3 Qxf4
30.Rf1 Qd2 31.f6  1-0